000
00332nam a22001457a 4500
008
210222b ||||| |||| 00| 0 eng d
020
_a
9780768907186
041
_a
eng
080
_a
573
082
_a
573
100
_a
11
101
_a
BIO
245
_a
Ap* Success Biology
_c
Freeman, D Chenery, G & Nishan, J
942
_2
udc
_c
BK
999
_c
55100
_d
55100